| 000 | 00348nam a2200145Ia 4500 | ||
|---|---|---|---|
| 008 | 200103s9999||||xx |||||||||||||| ||und|| | ||
| 020 | _a1870077164, 9781870077163 | ||
| 040 | _aIMU-MPC | ||
| 082 | _aColumn-4 | ||
| 100 | _aIsbester, J. | ||
| 245 | 0 | _aBulk carrier practice | |
| 260 |
_bThe Nautical Institute _c1993 |
||
| 300 | _a400 | ||
| 942 | _cBK | ||
| 999 |
_c3092 _d3092 |
||